LEADER 00896nam0-2200313---450- 001 990009894180403321 005 20140911120704.0 010 $a9783161518966 035 $a000989418 035 $aFED01000989418 035 $a(Aleph)000989418FED01 035 $a000989418 100 $a20140911d2012----km-y0itay50------ba 101 0 $ager 102 $aDE 105 $ay-------001yy 200 1 $aLeveraged Buyout und Gläubigerschutz$fMartin Tasma 210 $aTübingen$cMohr Siebeck$d©2012 215 $aXVI, 478 p.$d24 cm 225 1 $aSchriften zum Unternehmens- und Kapitalmarktrecht$v3 676 $a346.4306626$v21$zita 700 1$aTasma,$bMartin$0523638 801 0$aIT$bUNINA$gRICA$2UNIMARC 901 $aBK 912 $a990009894180403321 952 $aVIII H 782$b56095*$fFGBC 959 $aFGBC 996 $aLeveraged Buyout und Gläubigerschutz$9829039 997 $aUNINA